Regionalism in Global Trade : (Record no. 620119)

MARC details
000 -LEADER
fixed length control field 00514nam a2200193 a 4500
008 - FIXED-LENGTH DATA ELEMENTS--GENERAL INFORMATION
fixed length control field 260427s2004##################000#0#eng##
020 ## - INTERNATIONAL STANDARD BOOK NUMBER
ISBN 9781843768173
082 04 - DEWEY DECIMAL CLASSIFICATION NUMBER
Classification number 382.9
Item number DIL
100 1# - MAIN ENTRY--AUTHOR NAME
Personal name Das, Dilip K.,
245 10 - TITLE STATEMENT
Title Regionalism in Global Trade :
260 ## - PUBLICATION, DISTRIBUTION, ETC. (IMPRINT)
Name of publisher Edward Elgar Publishing,
Year of publication 2004.
300 ## - PHYSICAL DESCRIPTION
Number of Pages 248 pages
650 #0 - SUBJECT ADDED ENTRY--TOPICAL TERM
Topical Term Business & Economics.
942 ## - ADDED ENTRY ELEMENTS (KOHA)
Koha item type English Books
Holdings
Withdrawn status Lost status Damaged status Not for loan Home library Current library Date acquired Full call number Accession Number Price effective from Koha item type
        Anna Centenary Library Anna Centenary Library 27.04.2026 382.9 DIL 343001 27.04.2026 English Books

Find us on the map